Three-Letter Blitz (Ends in N) Quiz Stats

 Plays Quiz Updated Nov 4, 2016

Score 0/26 Timer 01:30
1 Play Today
Clue Word % Correct
Barbie's partnerKen
94.2%
Small, rounded bread rollbun
93.1%
First month of the year (abbr.)Jan.
92.1%
Alcoholic spiritgin
90.5%
Atom with an electric chargeion
89.8%
Female member of a religious ordernun
89.4%
Have possession ofown
88.2%
Comic play on wordspun
86%
To persuade by deceitcon
84.8%
Chewbacca's partnerHan
83.9%
Long period of timeeon
83.5%
Male human offspringson
82.7%
Large vaseurn
76.9%
Clue Word % Correct
Stimpy's partnerRen
76.7%
A system to interconnect computersLAN
75.7%
Chemical element number 50tin
72.9%
Chinese dynastyQin
71.2%
Low-lying wet landfen
63.8%
Dull greyish-browndun
63.7%
Rouge or blanc, e.g.vin
59.2%
Buddhist doctrine of enlightenmentZen
58.4%
Wilson or Romney, e.g.Ann
57.1%
Egyptian god of reproductionMin
56%
South Korean currencywon
52.2%
At or in that placeyon
48.7%
'Unbreakable Kimmy Schmidt' characterXan
37.9%

You're not logged in!

Compare scores with friends on all Sporcle quizzes.
OR
Log In

Sporcle TV

Today on Sporcle TV


Watch our educational content, quiz creation guides, and fun videos on Sporcle TV.

Show Comments

Extras

Top Quizzes Today


Score Distribution

Your Account Isn't Verified!

In order to create a playlist on Sporcle, you need to verify the email address you used during registration. Go to your Sporcle Settings to finish the process.

Report this User

Report this user for behavior that violates our Community Guidelines.

Details: